00870 2200301 4500001002100000005001500021035002500036007000300061008004100064020002200105040001700127082001500144084001700159090002100176090002200197100001000219245007300229250001100302260004800313300004200361504003000403650003700433700002000470850001200490999002200502990002200524990002200546INLIS00000000002905620200713091330 a0010-071700000000226ta170710s2015 yoia g ind d a978-602-1691-17-5 aYOPDYOGbind04222a621.34 a621.34 WAS s aDEP 621.34 WAS s aCB-D.11 2015-24340 aWasno00aSistem kendali elektromagnetik /cWasno; penyunting, Erik R. Prabowo aCet. 13 aYogyakarta :bSkripta Media Creative,c2015 avi, 130 halaman :bilustrasi ;c25 cm aBibliografi : halaman 130 4aElektromagnetik--xAlat pengukur0 aErik R. Prabowo aYOPDYOG aCB-D.11/2015-2434 aCB-D.11/2015-2434 aCB-D.11/2015-2434